Forest resources of India : (Record no. 74803)

MARC details
000 -LEADER
fixed length control field 00875nam a22002417a 4500
005 - DATE AND TIME OF LATEST TRANSACTION
control field 20130422153659.0
008 - FIXED-LENGTH DATA ELEMENTS--GENERAL INFORMATION
fixed length control field 130422b xxu||||| |||| 00| 0 eng d
010 ## - LCCN (DPL NO)
LC control number ENG-106958
020 ## - INTERNATIONAL STANDARD BOOK NUMBER
International Standard Book Number 9788177082692
Terms of availability 570.00
035 ## - SYSTEM CONTROL NUMBER
System control number EN-90491
037 ## - SOURCE OF ACQUISITION
Source of stock number/acquisition DBAD/PUB
040 ## - CATALOGING SOURCE
Original cataloging agency DPL
Language of cataloging Eng
082 ## - DEWEY DECIMAL CLASSIFICATION NUMBER
Classification number 333.750954
100 1# - MAIN ENTRY--PERSONAL NAME
Personal name Pangannavar, Arjun Yallappa,
Dates associated with a name 1951-
245 10 - TITLE STATEMENT
Title Forest resources of India :
Remainder of title problems, policies, and initiatives /
Statement of responsibility, etc by Arjun Yallappa Pangannavar.
260 ## - PUBLICATION, DISTRIBUTION, ETC. (IMPRINT)
Place of publication, distribution, etc New Delhi
Name of publisher, distributor, etc New Century Publications
Date of publication, distribution, etc 2011
270 ## - ADDRESS
Address 4800/24, Bharat Ram Road, Ansari Road, Darya Ganj
City New Delhi
Postal code 110002
300 ## - PHYSICAL DESCRIPTION
Extent xxi, 194p.
Dimensions 23cm(Hb)
500 ## - GENERAL NOTE
General note Includes bibliographical references (pages 183-186) and index.
650 #0 - SUBJECT ADDED ENTRY--TOPICAL TERM
Topical term or geographic name as entry element Forests and forestry
Geographic subdivision India.
650 #0 - SUBJECT ADDED ENTRY--TOPICAL TERM
Topical term or geographic name as entry element Forest policy
Geographic subdivision India.
942 ## - ADDED ENTRY ELEMENTS (KOHA)
Source of classification or shelving scheme Dewey Decimal Classification
Item type English Books
Classification part 333.750954
Call number suffix PAN
Holdings
Withdrawn status Lost status Source of classification or shelving scheme Damaged status Not for loan Collection code Home library Current library Date acquired Source of acquisition Cost, normal purchase price Total Checkouts Full call number Barcode Date last seen Copy number Cost, replacement price Koha item type
    Dewey Decimal Classification   Not For Loan Non-fiction D.B.Act.Division D.B.Act.Division 22/04/2013 DBAD/PUB 570.00   333.750954 PAN EN-90491 22/04/2013 1 570.00 English Books

© Delhi Public Library
Hit Counter
free hit counter